01020nam a2200253 i 4500001000700000003000900007005001700016007000300033008004100036080002400077245019300101250001300294260006300307300002200370500004300392650004500435700002500480700003200505700002700537700002800564852003300592999001900625952012200644125530ES-MaACL20230906192640.0t|070618s1990 be ||||1| fre d a913(493.21 B.)(036)00aBruxelles b: XIXème & art nouveau / csous la direction de Pierre Loze , avec la collaboration de Dominique Vautier , Marina Festre ; et la contribution de Didier Collard ... [et. al.]. a2e éd. aBruxelles : bEiffel editions : bC.F.C Editions, c[1990] a290 p. ; c25 cm. aBiblioteca Jacinto Martínez Lacalle. 4aBruselas-vGuías turísticas.92191671 aLoze, Pierre.9744771 aVautier, Dominique.92191701 aFestre, Marina.9506271 aCollard, Didier.939675 aES-MaACLjE-11701 bR.139725 c125530d125530 00104070aATENEOMbATENEOMcDEPO2d2008-01-17eSCl0oE-11701p1130769r2023-02-23 00:00:00w2023-02-23yMONOGRAFIA